18 quy luật bất biến phát triển danh tiếng thương hiệu công ty Ronald J. Alsop ; Trần Thị Bích Nga biên dịch

Cung cấp những kiến thức xây dựng và duy trì thương hiệu doanh nghiệp, quản lí danh tiếng cho thương hiệu như: Tạo dựng danh tiếng tốt, giữ gìn danh tiếng tốt và khôi phục danh tiếng đã bị tổn hại...

Mô tả đầy đủ

Đã lưu trong:
Chi tiết về thư mục
Tác giả chính: Alsop, Ronald J.
Tác giả khác: Trần Thị Bích Nga (Biên dịch)
Định dạng: Sách
Ngôn ngữ:Vietnamese
Được phát hành: Tp. Hồ Chí Minh Tổng hợp Tp. Hồ Chí Minh 2017
Những chủ đề:
Các nhãn: Thêm thẻ
Không có thẻ, Là người đầu tiên thẻ bản ghi này!
Thư viện lưu trữ: Thư viện Trường Đại học Nam Cần Thơ
LEADER 01918nam a22002657a 4500
001 NCT_4_016284
008 250117b xxu||||| |||| 00| 0 vie d
999 |c 8777  |d 8777 
020 |a 9786045869499  |c 138000 
082 0 4 |2 23rd ed.  |a 659.2  |b A462 
100 1 |a Alsop, Ronald J. 
245 1 0 |a 18 quy luật bất biến phát triển danh tiếng thương hiệu công ty  |b Ronald J. Alsop ; Trần Thị Bích Nga biên dịch 
260 |a Tp. Hồ Chí Minh  |b Tổng hợp Tp. Hồ Chí Minh  |c 2017 
300 |a 515 tr.  |c 21 cm 
500 |a Tên sách tiếng Anh: The 18 immutable laws of corporate reputation 
520 3 |a Cung cấp những kiến thức xây dựng và duy trì thương hiệu doanh nghiệp, quản lí danh tiếng cho thương hiệu như: Tạo dựng danh tiếng tốt, giữ gìn danh tiếng tốt và khôi phục danh tiếng đã bị tổn hại 
653 |a Truyền thông đa phương tiện 
700 1 |a Trần Thị Bích Nga  |e Biên dịch 
942 |2 ddc  |c BK 
952 |0 0  |1 0  |2 ddc  |4 0  |6 659_200000000000000_A462  |7 0  |9 30162  |a 000001  |b 000001  |d 2025-01-17  |o 659.2 A462  |p MD.23453  |r 2025-01-17  |v 138000.00  |w 2025-01-17  |y BK 
952 |0 0  |1 0  |2 ddc  |4 0  |6 659_200000000000000_A462  |7 0  |9 30163  |a 000001  |b 000001  |d 2025-01-17  |o 659.2 A462  |p MD.23454  |r 2025-01-17  |v 138000.00  |w 2025-01-17  |y BK 
952 |0 0  |1 0  |2 ddc  |4 0  |6 659_200000000000000_A462  |7 0  |9 30164  |a 000001  |b 000001  |d 2025-01-17  |o 659.2 A462  |p MD.23455  |r 2025-01-17  |v 138000.00  |w 2025-01-17  |y BK 
952 |0 0  |1 0  |2 ddc  |4 0  |6 659_200000000000000_A462  |7 0  |9 30165  |a 000001  |b 000001  |d 2025-01-17  |o 659.2 A462  |p MD.23456  |r 2025-01-17  |v 138000.00  |w 2025-01-17  |y BK 
952 |0 0  |1 0  |2 ddc  |4 0  |6 659_200000000000000_A462  |7 0  |9 30166  |a 000001  |b 000001  |d 2025-01-17  |o 659.2 A462  |p MD.23457  |r 2025-01-17  |v 138000.00  |w 2025-01-17  |y BK 
980 |a Thư viện Trường Đại học Nam Cần Thơ